Footballeurs passés par le Real Madrid - Mort subite - Statistiques

Statistiques générales
  • Ce quiz a été pris 3 065 fois
  • Le résultat moyen est 13 sur 20
Answers on the Grid
Answers color-coded by a green-red scale on the quiz's grid according to % correct below.
Cristiano Ronaldo
Toni Kroos
Raphaël Varane
Fabio Cannavaro
Pepe
Kaká
Fabinho
Steve McManaman
Roberto Carlos
Gareth Bale
Gonzalo Higuain
Lassana Diarra
Chendo
Emilio Butragueño
Clarence Seedorf
Zinédine Zidane
Jude Bellingham
Andriy Lunin
Mesut Ozïl
Iván Helguera
N'Golo Kanté
Lionel Messi
Olivier Giroud
Patrick Vieira
Conrad Portas
Johan Cruyff
Pep Guardiola
Thiago Alcántara
Papu Gómez
Alexis Sánchez
Rio Ferdinand
Héctor Fort
Antoine Griezmann
Josuha Guilavogui
Raphaël Guerreiro
 
Statistiques - réponses
Réponse % Correct
Gareth Bale
85%
Cristiano Ronaldo
84%
Jude Bellingham
84%
Zinédine Zidane
84%
Raphaël Varane
83%
Toni Kroos
83%
Pepe
82%
Mesut Ozïl
81%
Roberto Carlos
81%
Kaká
80%
Andriy Lunin
73%
Gonzalo Higuain
69%
Lassana Diarra
63%
Fabio Cannavaro
62%
Emilio Butragueño
55%
Clarence Seedorf
53%
Fabinho
45%
Steve McManaman
37%
Iván Helguera
33%
Chendo
18%
Aucun quiz correspondant
Distribution des résultats
% des personnes avec chaque résultat
Percentile par nombre de réponses
Votre historique - résultats
Vous n’avez pas pris ce quiz